Con los pies descalzos y un paraguas rosa o azul / (Record no. 43912)

MARC details
000 -LEADER
campo de control de longitud fija 00771nam a2200253 i 4500
001 - NÚMERO DE CONTROL
campo de control 43912
003 - IDENTIFICADOR DE NÚMERO DE CONTROL
campo de control ES-MaACL
005 - FECHA Y HORA DE LA ÚLTIMA TRANSACCIÓN
campo de control 20250807232513.0
007 - CAMPO FIJO DE DESCRIPCIÓN FÍSICA--INFORMACIÓN GENERAL
campo de control de longitud fija t|
008 - DATOS DE LONGITUD FIJA--INFORMACIÓN GENERAL
campo de control de longitud fija 030320s1987 sp ||||1| spa d
020 ## - NÚMERO INTERNACIONAL ESTÁNDAR DEL LIBRO
Número Internacional Estándar del Libro 848607259X
084 ## - OTRO NÚMERO DE CLASIFICACIÓN
Número de clasificación 1ª ed
100 0# - ENTRADA PRINCIPAL--NOMBRE DE PERSONA
Nombre de persona Cavero, Soledad,
Fechas asociadas al nombre 1936-
9 (RLIN) 37182
245 10 - MENCIÓN DEL TÍTULO
Título Con los pies descalzos y un paraguas rosa o azul /
Mención de responsabilidad, etc. Soledad Cavero.
250 ## - MENCION DE EDICION
Mención de edición 1ª ed.
260 ## - PUBLICACIÓN, DISTRIBUCIÓN, ETC.
Lugar de publicación, distribución, etc. Madrid :
Nombre del editor, distribuidor, etc. Torremozas,
Fecha de publicación, distribución, etc. 1987.
300 ## - DESCRIPCIÓN FÍSICA
Extensión 61 p., 1 h. de lám. ;
Dimensiones 17 cm.
490 1# - MENCIÓN DE SERIE
Mención de serie Colección Torremozas de poesía de mujeres ;
Designación de volumen o secuencia 38
830 00 - PUNTO DE ACCESO ADICIONAL DE SERIE-TÍTULO UNIFORME
Título uniforme Colección Torremozas de poesía de mujeres
Designación de volumen o secuencia 38
9 (RLIN) 177494
852 ## - LOCALIZACIÓN
Ubicación ES-MaACL
Número de control de estantería L-12536
Sublocalización o colección R.113729
852 ## - LOCALIZACIÓN
Ubicación ES-MaACL
Número de control de estantería L-12652
942 ## - ELEMENTOS DE ENTRADA SECUNDARIOS (KOHA)
Fuente del sistema de clasificación o colocación Clasificación decimal universal
Holdings
Estatus retirado Estado de pérdida Estado de daño No para préstamo Biblioteca de origen Biblioteca actual Ubicación en estantería Fecha de adquisición Fuente de adquisición Total de préstamos Signatura topográfica completa Código de barras Visto por última vez Precio de reemplazo Tipo de ítem Koha
        Biblioteca del Ateneo de Madrid Biblioteca del Ateneo de Madrid Depósito 2 17/01/2008     L-12536 1046223 23/02/2023 23/02/2023 Libro impreso
        Biblioteca del Ateneo de Madrid Biblioteca del Ateneo de Madrid Depósito 2 17/01/2008     L-12652 1046224 23/02/2023 23/02/2023 Libro impreso